Marketing for hospitality and tourism (Record no. 208138)

MARC details
000 -LEADER
fixed length control field 00450nam a2200169Ia 4500
008 - FIXED-LENGTH DATA ELEMENTS--GENERAL INFORMATION
fixed length control field 231221s9999 xx 000 0 und d
041 ## - LANGUAGE CODE
Language code of text/sound track or separate title English
082 ## - DEWEY DECIMAL CLASSIFICATION NUMBER
Classification number 647.94 KOT;2 R
100 ## - MAIN ENTRY--PERSONAL NAME
Personal name Kotler, Philip. Bowen, John. Makens, James.
245 #0 - TITLE STATEMENT
Title Marketing for hospitality and tourism
250 ## - EDITION STATEMENT
Edition statement 3rd ed.
260 ## - PUBLICATION, DISTRIBUTION, ETC.
Date of publication, distribution, etc. 1996
Name of publisher, distributor, etc. Pearson Education
Place of publication, distribution, etc. Delhi
300 ## - PHYSICAL DESCRIPTION
Extent 909
440 ## - SERIES STATEMENT/ADDED ENTRY--TITLE
Title 81-297-0509-5
500 ## - GENERAL NOTE
General note Missing 2020
942 ## - ADDED ENTRY ELEMENTS (KOHA)
Koha item type Hotel Management Library
Holdings
Date last seen Total checkouts Full call number Accession number Cost, total (INR) price Price effective from Category Public note Lost status Damaged status Department Withdrawn status Home library Current library Shelving location Entry date Vendor Cost, normal purchase price Grants Billnumber Billdate Currency symbol Conversion rate Discount Old discount
26/01/2024   647.94 KOT;2 R HM835 396.00 26/01/2024 Hotel Management Library 12:00.0     HEM   Central Library Central Library HM   Mega Books 495.00 HM 4370 23/06/2010 RS 1 99 20
26/01/2024   647.94 KOT;3 R1 HM843 399.20 26/01/2024 Hotel Management Library       HEM   Central Library Central Library HM   Mega Books 499.00 HM 4370 23/06/2010 RS 1 99.8 20

© For any Suggestions or Query, please contact the library staff @ librarian@pes.edu or Phone: +9180 2672 1983/ 2108.